Plant breeding / (Record no. 39153)

MARC details
000 -LEADER
fixed length control field 00713nam a22002057a 4500
005 - DATE AND TIME OF LATEST TRANSACTION
control field 20100804115144.0
010 ## - LCCN (DPL NO)
LC control number ENG-98014
020 ## - INTERNATIONAL STANDARD BOOK NUMBER
International Standard Book Number 9788190887564
Terms of availability 150.00
035 ## - SYSTEM CONTROL NUMBER
System control number EN-81547
037 ## - SOURCE OF ACQUISITION
Source of stock number/acquisition DBAD/PUB
082 ## - DEWEY DECIMAL CLASSIFICATION NUMBER
Classification number 581.15
100 ## - MAIN ENTRY--PERSONAL NAME
Personal name Sathyamurthy, V.R.
245 ## - TITLE STATEMENT
Title Plant breeding /
Statement of responsibility, etc by V.R. Sathyamurthy
260 ## - PUBLICATION, DISTRIBUTION, ETC. (IMPRINT)
Place of publication, distribution, etc Erode
Name of publisher, distributor, etc Kongunadu Literature
Date of publication, distribution, etc 2009
270 ## - ADDRESS
Address 93, E.K. Valasu, Chinnamuthu Main Street
City Erode
Postal code 638011
300 ## - PHYSICAL DESCRIPTION
Extent 124p.
Dimensions 21cm (pbk)
650 ## - SUBJECT ADDED ENTRY--TOPICAL TERM
Topical term or geographic name as entry element Plant breeding
942 ## - ADDED ENTRY ELEMENTS (KOHA)
Source of classification or shelving scheme Dewey Decimal Classification
Item type English Books
Classification part 581.15
Call number suffix SAT
Holdings
Withdrawn status Lost status Not for loan Collection code Home library Current library Date acquired Source of acquisition Cost, normal purchase price Full call number Barcode Copy number Cost, replacement price Koha item type
    Not For Loan Non-fiction D.B.Act.Division D.B.Act.Division 04/08/2010 DBAD/PUB 150.00 581.15 SAT EN-81547 1 150.00 English Books

© Delhi Public Library
Hit Counter
free hit counter